Soil science and sustainable land management in the tropics. (Record no. 40663)

MARC details
000 -LEADER
fixed length control field 00387nam a2200145Ia 4500
082 ## - DEWEY DECIMAL CLASSIFICATION NUMBER
Classification number 631.43:630*91
Item number SYE
100 ## - MAIN ENTRY--AUTHOR NAME
Personal name Rimmer, D L
245 #0 - TITLE STATEMENT
Title Soil science and sustainable land management in the tropics.
260 ## - PUBLICATION, DISTRIBUTION, ETC. (IMPRINT)
Place of publication U K
Name of publisher CABI
Year of publication 1994
650 ## - SUBJECT ADDED ENTRY--TOPICAL TERM
Topical Term Agrohydrology
650 ## - SUBJECT ADDED ENTRY--TOPICAL TERM
Topical Term Soil organism
700 ## - ADDED ENTRY--PERSONAL NAME
Personal name Syers, J K
942 ## - ADDED ENTRY ELEMENTS (KOHA)
Koha item type Books
Holdings
Withdrawn status Lost status Damaged status Not for loan Home library Current library Date acquired Cost, normal purchase price Full call number Accession Number Koha item type
        RRII Library RRII Library 16/12/2021 45.00 631.43:630*91 SYE 20961 Books